00597nam a2200169Ia 4500008004100000020001800041041000800059082001600067100001800083245004200101250000600143260006400149300001900213650003900232999001900271952013700290210716s2012 xx 000 0 und d a9780071077927 aeng a658.56 GARA aGarg, Ajay K. aProduction and operations management. a1 aNew DelhibTata McGraw Hill Education Private Limitedc2012 axxxiv;855/2017 aProduction & Operations Management c211069d211069 001040708MBAaAIMITbAIMITd2019-03-12g675.00l3o658.56 GARApMBA13637r2026-05-23 00:00:00s2025-03-12v540.00w2021-07-16yBK